| 000 | 01729cam a22003974a 4500 | ||
|---|---|---|---|
| 001 | 13509977 | ||
| 005 | 20070725080649.0 | ||
| 008 | 040303s2004 nyua b 001 0 eng | ||
| 010 | _a 2004045703 | ||
| 020 | _a052160317X | ||
| 020 | _a9780521603171 | ||
| 040 |
_aDLC _cDLC _dDLC |
||
| 042 | _apcc | ||
| 050 | 0 | 0 |
_aGN495.6 _b.E8934 2004 |
| 082 | 0 | 0 |
_a305.8 _222 _bETH |
| 245 | 0 | 0 |
_aEthnicity, Nationalism and Minority Rights / _cEdited by Stephen May, Tariq Modood, and Judith Squires. |
| 260 |
_a New York : _bCambridge University Press, 2004 _c2004. |
||
| 300 |
_axi, 261 p. : _bill. ; _c24 cm. |
||
| 504 | _aIncludes bibliographical references and index. | ||
| 650 | 0 |
_aEthnicity. _923806 |
|
| 650 | 0 |
_aHuman rights. _923807 |
|
| 650 | 0 |
_aMinorities _xCivil rights. _923808 |
|
| 650 | 0 |
_aIndigenous peoples _xCivil rights. _923809 |
|
| 650 | 0 |
_aNationalism. _923810 |
|
| 650 | 0 |
_aSelf-determination, National. _923811 |
|
| 653 |
_bPol _cMay2011 |
||
| 700 | 1 |
_aMay, Stephen, _d1962- _923812 |
|
| 700 | 1 |
_aModood, Tariq. _923813 |
|
| 700 | 1 |
_aSquires, Judith. _923814 |
|
| 856 | 4 | 2 |
_3Publisher description _uhttp://www.loc.gov/catdir/description/cam041/2004045703.html |
| 856 | 4 | 1 |
_3Table of contents _uhttp://www.loc.gov/catdir/toc/cam041/2004045703.html |
| 856 | 4 | 2 |
_3Contributor biographical information _uhttp://www.loc.gov/catdir/enhancements/fy0733/2004045703-b.html |
| 942 |
_2ddc _cBB |
||
| 999 |
_c15279 _d15279 |
||